NBA Players from the BIG 12 (2024 - 2025) - Statistics

General Stats
  • This quiz has been taken 36 times
  • The average score is 16 of 56
Answer Stats
Answer % Correct
James Harden
82%
Cade Cunningham
71%
Joel Embiid
64%
Tyrese Haliburton
64%
Andrew Wiggins
54%
Deandre Ayton
54%
Lauri Markkanen
46%
Cody Williams
39%
Derrick White
39%
Jamal Shead
39%
Kenrich Williams
39%
Davion Mitchell
36%
Desmond Bane
36%
Keshad Johnson
36%
Marcus Smart
36%
Christian Braun
32%
Keyonte George
32%
Quentin Grimes
32%
Taurean Prince
32%
Georges Niang
29%
Gradey Dick
29%
Jakob Poeltl
29%
Jared Butler
29%
Kyle Kuzma
29%
Aaron Gordon
25%
Jabari Walker
25%
Jalen Wilson
25%
Jarace Walker
25%
Miles McBride
25%
Bennedict Mathurin
21%
Markieff Morris
21%
Monte Morris
21%
Taylor Hendricks
21%
T.J. McConnell
21%
Dean Wade
18%
Jeremy Sochan
18%
Jevon Carter
18%
Josh Green
18%
Kelly Oubre, Jr.
18%
Luguentz Dort
18%
Ochai Agbaji
18%
Pelle Larsson
18%
Spencer Dinwiddie
18%
Alec Burks
14%
Delon Wright
14%
Johnny Furphy
14%
Marcus Sasser
14%
Talen Horton-Tucker
14%
Tristan Da Silva
14%
Yves Missi
14%
Dalen Terry
11%
Royce O'Neale
11%
Ja'Kobe Walter
7%
Lindy Waters III
7%
Svi Mykhailiuk
7%
Zeke Nnaji
7%
No matching quizzes found
Score Distribution
Percent of People with Each Score
Percentile by Number Answered
Your Score History
You have not taken this quiz